[Event "82nd Tata Steel Masters 2020"]
[Site "Wijk aan Zee"]
[Date "2020.01.13"]
[Round "3.7"]
[White "Caruana, Fabiano"]
[Black "Yu, Yangyi"]
[Result "1-0"]
[WhiteElo "2822"]
[BlackElo "2726"]
[Annotator "TA"]
[PlyCount "96"]
[EventDate "2020.01.11"]
[EventType "tourn"]
[EventCountry "NED"]
[SourceTitle "playchess.com"]
[Source "ChessBase"]
[SourceQuality "1"]

{[%evp 12,96,0,0,0,0,0,4,2,-4,-4,0,0,-14,25,18,12,22,21,18,21,0,0,0,0,0,0,0,0,0,0,0,10,11,22,0,0,0,23,23,25,23,22,29,39,47,54,47,76,57,47,41,98,97,103,100,96,98,113,65,65,70,123,49,150,163,6099,6099,6099,6099,6079,6087,6079,6086,6085,6079,5629,5852,5629,5629,5085,4134,29961,29961,5356,5118,29978]} 1. e4 e5 2. Nf3 Nf6 3. d4 Nxe4 4. Bd3 d5 5. Nxe5 Nd7 6. O-O Nxe5 7. dxe5 Nc5 {C43: Petroff Defence: 3 d4} 8. Be3 c6 (8... Nxd3 9. Qxd3 c6 10. Nd2 Be7 11. f4 g6 12. c3 c5 13. Rad1 Bf5 14. Qb5+ Qd7 15. Qxd7+ Kxd7 {0-1 (48) Jones,G (2622)-Gelfand,B (2719) Hengshui 2019}) 9. f4 Nxd3 {The position is equal.} 10. Qxd3 g6 11. Nc3 b6 12. Rad1 $146 ({Predecessor:} 12. Ne2 Bg7 13. Ng3 O-O 14. c3 c5 15. Rad1 {0-1 (54) Goryachkina,A (2518)-Ju,W (2575) St Petersburg 2018}) 12... Bg7 13. b4 Bf5 14. Qe2 Qc8 15. h3 O-O 16. g4 Be6 17. b5 f5 {[%cal Rf5g4]} 18. exf6 Bxf6 19. Bd4 Bxd4+ 20. Rxd4 cxb5 21. Nxb5 Bd7 {...Qc5 is the strong threat.} 22. Rxd5 Bxb5 23. Rxb5 Qc3 24. Rb3 Qc5+ 25. Kg2 Rae8 26. Qd2 Re4 27. Rf2 Qc6 28. Kg3 Rc4 29. Rd3 Rf7 30. Rd6 Qc5 {[#]} 31. f5 $1 {[%mdl 512] Threatens to win with Rd8+.} Qe5+ (31... Rf8 $14) (31... gxf5 32. Rd8+) 32. Kg2 $16 {Strongly threatening Rd8+.} Rc3 33. Rf3 $36 {[%mdl 2048] White has strong initiative.} Rxf3 34. Kxf3 {[%mdl 4096] Endgame KQR-KQR} Re7 35. Rd5 Qe4+ 36. Kg3 Kg7 (36... gxf5 $14 37. Rxf5 Qe3+ 38. Qxe3 Rxe3+ 39. Rf3 Re4) 37. Rd6 (37. c4 $16) 37... Qe5+ ({Black should try} 37... gxf5 $14 38. Qh6+ Kg8 39. Rd8+ Re8 40. Rxe8+ Qxe8) 38. Kh4 {aiming for f6+.} gxf5 $2 (38... Kf7 39. Rd5 Qf6+ 40. Kg3 Qc6) 39. Qh6+ $18 Kg8 40. Rd8+ Re8 {[#]} 41. Rd7 $1 {[%mdl 512]} Re7 {[#]} 42. Qg5+ $1 Kf7 43. Rxe7+ ({Not} 43. Qh5+ Kf8 $18) 43... Qxe7 44. Qxe7+ Kxe7 45. gxf5 {KP-KP} Kf6 46. Kg4 Ke5 47. Kg5 b5 48. c3 Kd5 {Accuracy: White = 74%, Black = 57%.} 1-0

[Event "82nd Tata Steel Masters 2020"]
[Site "Wijk aan Zee"]
[Date "2020.01.14"]
[Round "4.1"]
[White "Van Foreest, Jorden"]
[Black "Carlsen, Magnus"]
[Result "1/2-1/2"]
[WhiteElo "2644"]
[BlackElo "2872"]
[Annotator "TA"]
[PlyCount "89"]
[EventDate "2020.01.11"]
[EventType "tourn"]
[EventCountry "NED"]
[SourceTitle "playchess.com"]
[Source "ChessBase"]
[SourceQuality "1"]

{[%evp 14,89,29,22,25,27,38,0,6,15,56,48,50,68,54,56,60,62,70,75,73,64,54,68,71,72,77,69,71,69,72,70,73,74,80,45,80,82,74,72,83,64,95,91,99,35,20,36,40,26,12,-13,-12,-12,0,0,0,0,0,0,0,0,0,-13,0,0,0,0,0,-11,-14,-7,-6,-14,0,-6,0,-14]} 1. e4 e5 2. Nf3 Nc6 3. Bc4 Nf6 4. Ng5 d5 5. exd5 Na5 6. Bb5+ c6 7. dxc6 bxc6 8. Bd3 Nd5 {C58: Two Knights: 4 Ng5 d5 5 exd5 Na5 sidelines} 9. Nf3 Bd6 10. Nc3 (10. O-O O-O 11. Re1 f5 12. b4 Nxb4 13. Nxe5 Bxe5 14. Rxe5 Nxd3 15. cxd3 Qd4 16. Rxa5 Qxa1 {½-½ (31) Vovk,A (2616)-Demchenko,A (2661) Fagernes 2019}) 10... O-O 11. Be2 Nf4 12. O-O $1 Bg4 13. d3 Nxe2+ 14. Qxe2 f5 15. h3 Bh5 16. g4 $146 ({Predecessor:} 16. Qe3) 16... fxg4 {[#]} 17. Ng5 $1 Qd7 18. Nce4 Be7 {next ...h6 is good for Black.} 19. Ng3 Bg6 20. Qxg4 Qxg4 21. hxg4 c5 22. N5e4 Nc6 23. Be3 Nd4 24. Rac1 Rac8 25. Kg2 c4 26. Bxd4 exd4 27. f3 Rc6 28. b3 Ba3 29. Rce1 ({Don't play} 29. bxc4 $6 Bxc1 30. Rxc1 Ra6 $11) (29. dxc4 $16 {And now Rcd1 would win.} Bxc1 30. Rxc1) 29... cxd3 30. cxd3 a5 31. Rf2 Bc1 32. Nd2 {The position is equal.} Bxd3 {[#]} 33. Nc4 $1 {[%mdl 512]} Bf4 (33... Bxc4 34. Rxc1) 34. Ne5 Rc3 {Threatens to win with ...Ba6.} 35. Nxd3 Rxd3 36. Nf5 g6 37. Re4 Bg5 38. Ne7+ Kh8 39. Nc6 Be3 40. Re2 Rd1 41. Nxa5 Rg1+ 42. Kh2 Rc1 43. Kg2 {Strongly threatening Nc4.} Rg1+ 44. Kh2 Rc1 45. Kg2 {Accuracy: White = 66%, Black = 67%.} 1/2-1/2

[Event "82nd Tata Steel Masters 2020"]
[Site "Wijk aan Zee"]
[Date "2020.01.14"]
[Round "4.2"]
[White "Yu, Yangyi"]
[Black "Anand, Viswanathan"]
[Result "1/2-1/2"]
[WhiteElo "2726"]
[BlackElo "2758"]
[Annotator "TA"]
[PlyCount "63"]
[EventDate "2020.01.11"]
[EventType "tourn"]
[EventCountry "NED"]
[SourceTitle "playchess.com"]
[Source "ChessBase"]
[SourceQuality "1"]

{[%evp 10,63,7,8,37,27,26,24,35,23,23,23,24,14,24,0,8,11,12,0,0,1,35,13,16,0,0,0,0,0,1,7,8,5,10,10,13,10,10,12,19,18,17,9,10,12,10,7,8,8,14,12,23,8,10,0]} 1. d4 Nf6 2. c4 e6 3. Nc3 Bb4 4. Nf3 d5 5. Qb3 c5 6. dxc5 Nc6 {[#] White must now prevent ...d4. D38: Queen's Gambit Declined: Ragozin Defence (4 Nf3 Bb4)} 7. Bg5 dxc4 (7... Qa5 8. Bxf6 dxc4 9. Qxc4 gxf6 10. Rc1 Qxc5 11. Qh4 Ke7 12. g3 Bxc3+ 13. Rxc3 Qb4 14. Qxb4+ Nxb4 {½-½ (37) Fedoseev,V (2677)-Vidit,S (2721) Moscow 2019}) 8. Qxc4 h6 {White has an edge.} 9. Bxf6 (9. Rd1 {with more complications.} Qa5 10. Bxf6 gxf6 11. Rc1 Bxc5 12. e3) 9... Qxf6 10. e3 Qe7 $146 ({Predecessor:} 10... e5 11. a3 Be6 12. Qb5 Bxc3+ 13. bxc3 O-O 14. Be2 {1-0 (30) Zanan,E (2493)-Sorensen,H (2364) Sitges 2019}) 11. Rc1 Qxc5 12. Qb3 Qb6 13. a3 Bxc3+ 14. Qxc3 O-O $1 15. Bd3 Ne7 16. O-O Nd5 17. Qc2 Bd7 18. Ne5 Bb5 19. Rfd1 Bxd3 20. Rxd3 {[#] Threatens to win with Nd7.} Qd6 21. Nf3 {Strongly threatening e4.} Qe7 22. h3 Nb6 23. Qc7 Qf6 24. Qxb7 Rfb8 25. Qa6 Qxb2 26. Rdc3 Nd5 27. R3c2 Qb7 28. Rc6 Qxa6 29. Rxa6 Rb6 30. Ra5 a6 31. Nd4 Rab8 32. g3 {Accuracy: White = 46%, Black = 67%.} 1/2-1/2

[Event "82nd Tata Steel Masters 2020"]
[Site "Wijk aan Zee"]
[Date "2020.01.14"]
[Round "4.3"]
[White "Dubov, Daniil"]
[Black "Duda, Jan-Krzysztof"]
[Result "1/2-1/2"]
[WhiteElo "2683"]
[BlackElo "2758"]
[Annotator "TA"]
[PlyCount "45"]
[EventDate "2020.01.11"]
[EventType "tourn"]
[EventCountry "NED"]
[SourceTitle "playchess.com"]
[Source "ChessBase"]
[SourceQuality "1"]

{[%evp 11,45,40,33,0,0,0,0,0,0,0,0,-10,-8,-22,-23,-16,23,0,10,12,5,7,3,8,11,9,28,0,0,0,0,0,0,0,0,0]} 1. d4 Nf6 2. c4 e6 3. Nf3 d5 4. g3 dxc4 5. Bg2 a6 6. O-O Nc6 7. Qc2 {E04: Open Catalan: 5 Nf3} (7. Nbd2 b5 8. b3 Rb8 9. Bb2 cxb3 10. Nxb3 Be7 11. Rc1 Bb7 12. Ne1 Na7 13. Bxb7 Rxb7 14. Nd3 O-O {½-½ (41) Vidit,S (2722)-Nakamura,H (2741) Kolkata 2019}) 7... Nxd4 8. Nxd4 Qxd4 9. Nd2 c3 10. bxc3 Qc5 11. Rb1 Be7 12. Ne4 Nxe4 13. Bxe4 h6 $146 ({Predecessor:} 13... c6 14. Rd1 Qh5 {½-½ (32) Jakovlev,O (2346)-Chekmasov,S (2366) ICCF email 2013}) 14. c4 O-O 15. Be3 Qe5 16. Bxb7 Bxb7 17. Rxb7 Bg5 18. Ba7 Rfd8 19. f4 (19. e3 $5 {[%cal Rf2f4]}) 19... Qd6 {The position is equal.} 20. fxg5 {aiming for Qd3.} Rxa7 $1 {[%mdl 64] [#] Decoy} 21. Rxa7 Qb6+ 22. e3 {Hoping for Qf2.} Qxa7 23. Qf2 {Accuracy: White = 61%, Black = 75%.} 1/2-1/2

[Event "82nd Tata Steel Masters 2020"]
[Site "Wijk aan Zee"]
[Date "2020.01.14"]
[Round "4.4"]
[White "So, Wesley"]
[Black "Firouzja, Alireza"]
[Result "1-0"]
[WhiteElo "2765"]
[BlackElo "2723"]
[Annotator "TA"]
[PlyCount "94"]
[EventDate "2020.01.11"]
[EventType "tourn"]
[EventCountry "NED"]
[SourceTitle "playchess.com"]
[Source "ChessBase"]
[SourceQuality "1"]

{[%evp 16,94,31,20,33,38,35,30,30,18,36,19,20,22,25,26,28,17,12,20,20,26,54,49,48,49,49,50,50,45,48,49,54,36,45,41,35,45,37,40,35,41,47,47,43,46,112,113,114,112,127,129,122,79,80,80,80,80,80,80,110,118,1077,1066,973,972,850,793,591,527,1181,1167,1533,1316,1368,1302,5085,2362,5093,2131,1850]} 1. d4 d5 2. c4 dxc4 3. Nf3 Nf6 4. e3 e6 5. Bxc4 c5 6. O-O a6 7. b3 cxd4 8. Nxd4 Be7 9. Bb2 O-O {D27: Queen's Gambit Accepted: Classical main line: 7 e4!? and 7 a4} 10. Be2 Bd7 11. Nd2 Nc6 {White has an edge.} 12. Rc1 (12. Nc4 Rc8 13. Rc1 Nd5 14. Nxc6 Bxc6 15. Ne5 Bb5 16. Bxb5 axb5 17. Qe2 {0-1 (40) Esipenko,A (2642)-Firouzja,A (2723) Moscow 2019}) 12... Rc8 13. N4f3 $146 ({Predecessor:} 13. Nc4 b5 14. Nxc6 Bxc6 15. Qxd8 Rcxd8 16. Ne5 Be4 17. Rfd1 Rxd1+ 18. Bxd1 Rd8 19. Kf1 h6 20. a4 bxa4 21. bxa4 Bb7 {½-½ (21) Cusicanqui,M (2405)-Morley,P (2368) ICCF email 2017}) 13... b5 14. a3 Qb6 15. Rc2 e5 16. Bd3 Rfd8 17. Qe2 Bg4 18. Rfc1 Na7 {[%cal Bc6a7,Ba7c8,Bc8d6][%mdl 32]} 19. Rxc8 Rxc8 20. Rxc8+ Nxc8 21. h3 Bxf3 $1 22. Qxf3 Qd8 23. Qe2 Qd5 24. Bc2 Nd6 25. Qd3 Qxd3 26. Bxd3 Nd7 27. g4 g6 28. Ne4 Nxe4 29. Bxe4 $14 {[%mdl 4096] Endgame KBB-KBN} Nc5 30. Bc2 e4 ({Better is} 30... Bf6 $14) 31. b4 $16 Nd3 32. Bc3 Kf8 33. Kf1 f5 34. Ke2 Bd8 35. Bxd3 exd3+ 36. Kxd3 {gxf5 is the strong threat. KB-KB} Kf7 37. e4 fxg4 38. hxg4 g5 $2 {[%mdl 8192] [#]} (38... h5 $16) 39. Kd4 $1 $18 {[%cal Rd4c5] White is clearly winning.} Bb6+ 40. Kd5 Bxf2 41. Kc6 Ke6 42. Kb7 Kd7 43. Kxa6 Kc6 44. e5 Be3 45. e6 Bc1 {[#]} 46. a4 $1 {[%mdl 512]} bxa4 47. Be5 Kd5 {Accuracy: White = 95%, Black = 36%.} 1-0

[Event "82nd Tata Steel Masters 2020"]
[Site "Wijk aan Zee"]
[Date "2020.01.14"]
[Round "4.5"]
[White "Xiong, Jeffery"]
[Black "Caruana, Fabiano"]
[Result "1/2-1/2"]
[WhiteElo "2712"]
[BlackElo "2822"]
[Annotator "TA"]
[PlyCount "71"]
[EventDate "2020.01.11"]
[EventType "tourn"]
[EventCountry "NED"]
[SourceTitle "playchess.com"]
[Source "ChessBase"]
[SourceQuality "1"]

{[%evp 26,71,0,0,31,30,23,29,19,0,0,0,0,0,0,0,0,0,11,0,7,0,0,0,0,0,0,0,33,28,28,18,17,16,30,0,38,25,71,31,29,-67,-68,-75,-75,-82,-82,-92]} 1. d4 Nf6 2. c4 e6 3. Nc3 Bb4 4. Nf3 $146 ({Predecessor:} 4. Qc2 O-O {½-½ (43) Nakamura,H (2781)-Caruana,F (2799) London 2017}) 4... O-O 5. Qc2 c5 6. dxc5 Na6 {[%cal Bb8a6,Ba6c5,Bc5e4][%mdl 32]} 7. g3 Nxc5 8. Bg2 Nce4 9. O-O Nxc3 10. bxc3 Be7 11. e4 d6 12. e5 dxe5 13. Nxe5 Qc7 14. Qe2 Nd7 {E39: Nimzo-Indian: Classical: 4...c5 5 dxc5 0-0} 15. Bf4 {aiming for Ng6!} Nxe5 16. Bxe5 Bd6 {White has an edge.} 17. Rfe1 Rb8 18. Rad1 Bxe5 $1 19. Qxe5 Qxe5 20. Rxe5 b6 21. c5 Ba6 22. c6 Rbc8 23. Bf3 Rc7 24. Rd4 Re8 25. a4 Kf8 26. Re1 $36 {[%mdl 2048] White has the initiative.} Bc8 27. a5 bxa5 28. Re5 Ke7 29. Rxa5 Rd8 30. Rb4 a6 (30... Rd3 $5 {[%cal Rd3f3]} 31. Kg2 Rxc3 $11) 31. Kg2 Ra7 32. c4 Kd6 33. Rb7 (33. Kf1 $11) 33... Bxb7 $15 34. cxb7 Kc7 35. c5 Rxb7 {[#] Hoping for ...Rb2.} 36. Rxa6 {Accuracy: White = 51%, Black = 74%.} 1/2-1/2

[Event "82nd Tata Steel Masters 2020"]
[Site "Wijk aan Zee"]
[Date "2020.01.14"]
[Round "4.6"]
[White "Giri, Anish"]
[Black "Vitiugov, Nikita"]
[Result "1/2-1/2"]
[WhiteElo "2768"]
[BlackElo "2747"]
[Annotator "TA"]
[PlyCount "59"]
[EventDate "2020.01.11"]
[EventType "tourn"]
[EventCountry "NED"]
[SourceTitle "playchess.com"]
[Source "ChessBase"]
[SourceQuality "1"]

{[%evp 10,59,12,5,6,3,14,0,0,-5,0,-5,8,13,8,0,0,-1,14,6,18,4,4,3,4,7,29,15,12,9,40,41,40,26,35,31,70,46,35,48,43,35,38,33,40,41,51,7,8,0,0,0]} 1. Nf3 d5 2. d4 Nf6 3. Bf4 e6 4. e3 Bd6 5. Nbd2 Bxf4 6. exf4 O-O {D02: 1 d4 d5 2 Nf3 sidelines, including 2...Nf6 3 g3 and 2...Nf6 3 Bf4} 7. c3 (7. Bd3 Qd6 8. g3 b6 9. Qe2 a5 10. a4 c5 11. c3 Ba6 12. Bxa6 Nxa6 13. O-O Nb8 14. Ne5 {½-½ (52) Carlsen,M (2872)-Wang,H (2756) Moscow 2019}) 7... b6 8. h4 c5 9. h5 $146 ({Predecessor:} 9. Ne5 Qd6 10. a3 Ne4 11. Bd3 Nxd2 12. Qxd2 Ba6 13. Bxa6 Nxa6 {1-0 (52) Krzyzanowski,M (2491)-Petrov,N (2593) Zadar 2018}) 9... h6 10. Ne5 Bb7 11. Ndf3 Nc6 12. Nxc6 Bxc6 13. Bd3 Rc8 14. Qe2 Rc7 15. a3 Ba4 16. Kf1 Bb3 17. Kg1 Qd6 18. Qd2 a5 19. Re1 Rb8 20. Rh3 Ba4 21. Bb1 Ne4 22. Qe3 b5 23. dxc5 (23. Bxe4 {with more complications.} dxe4 24. Qxe4 b4 25. dxc5 Qxc5 26. axb4 axb4 27. Ne5) 23... Qxc5 24. Nd4 b4 25. axb4 axb4 26. Bxe4 dxe4 27. Qxe4 Bd7 28. g4 Rbc8 29. Ree3 Qa5 30. Kh2 {Accuracy: White = 73%, Black = 69%.} 1/2-1/2

[Event "82nd Tata Steel Masters 2020"]
[Site "Wijk aan Zee"]
[Date "2020.01.14"]
[Round "4.7"]
[White "Artemiev, Vladislav"]
[Black "Kovalev, Vladislav"]
[Result "1-0"]
[WhiteElo "2731"]
[BlackElo "2660"]
[Annotator "TA"]
[PlyCount "87"]
[EventDate "2020.01.11"]
[EventType "tourn"]
[EventCountry "NED"]
[SourceTitle "playchess.com"]
[Source "ChessBase"]
[SourceQuality "1"]

{[%evp 11,87,-6,-2,-5,0,2,14,0,0,0,0,0,0,-2,0,0,5,-19,14,18,22,18,27,31,33,33,43,18,22,16,31,22,44,14,16,16,18,15,8,0,0,0,0,0,0,0,5,8,4,0,14,0,0,-8,0,-25,-24,-25,0,0,68,50,32,46,35,35,43,38,639,628,604,578,5589,4977,5326,116,5193,2538]} 1. d4 Nf6 2. c4 e6 3. Nc3 Bb4 4. Bd2 O-O 5. Nf3 b6 6. e3 d5 7. Rc1 {E51: Nimzo-Indian: Rubinstein: 4...0-0 5 Nf3 d5} Ba6 8. Qa4 c5 9. cxd5 {The position is equal.} Bxf1 10. Rxf1 exd5 11. Ke2 Nbd7 $146 ({Predecessor:} 11... a6 12. dxc5 bxc5 13. Rfd1 Nbd7 14. a3 Bxc3 15. Bxc3 {1-0 (59) Wang,Y (2699)-Bluebaum,M (2642) Dortmund 2017}) 12. Rfd1 Qe7 13. Kf1 Rfc8 14. Qa6 Qe6 15. Ne2 {[#] And now Bxb4 would win.} Bxd2 16. Nxd2 Qf5 17. h3 Nf8 18. Nf3 Qd7 19. Ne5 Qc7 20. Kg1 Ne6 21. Rc2 Rab8 22. Qb5 a6 23. Qxa6 Ra8 24. Qd3 Rxa2 25. Qf5 Rca8 26. Nc3 Ra1 27. Rcd2 cxd4 28. exd4 Rxd1+ 29. Rxd1 Re8 30. Nf3 (30. Ng4 {seems wilder.} Nxg4 31. hxg4 Nxd4 32. Qxd5 Ne6 33. Qb5) 30... Qc4 31. g4 h6 32. h4 {Black should prevent g5.} Qb3 33. Rd2 b5 {[#] aiming for ...b4.} 34. g5 hxg5 35. hxg5 Nh7 (35... b4 $11 36. gxf6 bxc3 37. bxc3 g6) 36. Nxd5 {Black must now prevent g6.} g6 37. Nf6+ Nxf6 38. Qxf6 {Strongly threatening d5.} Qd5 39. Re2 Rd8 $2 {[%mdl 8192]} (39... Rf8 $14) 40. Rxe6 $18 fxe6 41. Ne5 {White threatens Qf7+ and mate.} Rf8 42. Qxg6+ Kh8 43. Qh6+ Kg8 44. Ng6 {Accuracy: White = 62%, Black = 50%.} 1-0

[Event "82nd Tata Steel Masters 2020"]
[Site "Wijk aan Zee"]
[Date "2020.01.16"]
[Round "5.1"]
[White "Carlsen, Magnus"]
[Black "Dubov, Daniil"]
[Result "1/2-1/2"]
[WhiteElo "2872"]
[BlackElo "2683"]
[Annotator "TA"]
[PlyCount "93"]
[EventDate "2020.01.11"]
[EventType "tourn"]
[EventCountry "NED"]
[SourceTitle "playchess.com"]
[Source "ChessBase"]
[SourceQuality "1"]

{[%evp 14,93,15,20,15,14,23,17,41,11,22,22,25,18,24,24,18,0,0,0,1,0,0,-41,-38,-27,-33,-38,-37,-32,-37,-49,-6,-11,-11,-17,-11,-11,-8,-7,0,-8,-8,-8,-8,-13,-39,-45,-8,-8,-8,-8,-8,-8,-8,-8,-8,-8,-8,-8,-8,-8,-8,-8,-8,-8,-8,-8,-8,-8,-8,-8,-8,-8,-8,-8,0,-8,-8,-8,-8,-8]} 1. e4 c5 2. Nf3 Nc6 3. Bb5 g6 4. O-O Bg7 5. Re1 e5 6. Bxc6 dxc6 7. d3 Qe7 8. a4 {[%cal Ba2a4,Ba4a5][%mdl 32]} Nf6 {B31: Sicilian: 2...Nc6 3 Bb5 g6} (8... Nh6 9. h3 O-O 10. Be3 f6 11. Nbd2 Nf7 12. Nb3 b6 13. a5 Be6 14. Nfd2 f5 15. exf5 gxf5 16. f4 exf4 17. Bxf4 Bxb2 {0-1 (32) Mamedov,R (2650)-Le,Q (2704) Hengshui 2019}) 9. Bg5 h6 10. Be3 O-O 11. h3 b6 $146 ({Predecessor:} 11... Nh5 12. a5 Nf4 13. Qc1 Be6 14. Nc3 g5 15. Na4 c4 16. Bc5 {0-1 (46) De Oliveira,M (2565)-Korze,D (2467) ICCF email 2010}) 12. a5 Ba6 13. Qd2 Kh7 $1 14. Qc3 Nd7 15. axb6 axb6 16. Nbd2 f5 {...f4 is the strong threat.} 17. Nc4 {And now Nxb6! would win.} Qe6 18. Qb3 fxe4 19. Nfd2 exd3 $1 20. cxd3 {[#]} e4 $1 {[%mdl 512]} 21. Nxe4 Bxc4 22. Qxc4 Qd5 23. Rxa8 Rxa8 24. Qc2 Ne5 25. Rd1 Rd8 {[%cal Re5d3]} 26. Nc3 Qd7 {[%cal Re5d3]} 27. b3 Qf5 {[%cal Re5d3]} ({Don't play} 27... Nxd3 $6 28. Ne2 $16) 28. Ne4 Rd5 29. Nc3 Rxd3 30. Rxd3 Qxd3 (30... Nxd3 {seems wilder.} 31. Na4 c4 32. bxc4 b5 33. cxb5 cxb5 34. Nb6 Qe4) 31. Qxd3 {The position is equal.} Nxd3 $11 {[%mdl 4096] Endgame KBN-KBN} 32. Na4 {[#]} c4 $1 {[%mdl 512]} 33. bxc4 b5 34. cxb5 cxb5 35. Nc5 Nxc5 36. Bxc5 {KB-KB} Kg8 (36... Bc3 $5 37. Kf1 $8 b4 $11) 37. Kf1 Kf7 38. Ke2 Ke6 39. Kd3 Kd5 40. Bb4 Bd4 41. f4 Bc5 42. Bd2 Bf8 43. g4 b4 44. h4 h5 45. gxh5 gxh5 {Strongly threatening ...b3.} 46. Bxb4 Bxb4 47. Ke3 {Accuracy: White = 71%, Black = 81%.} 1/2-1/2

[Event "82nd Tata Steel Masters 2020"]
[Site "Wijk aan Zee"]
[Date "2020.01.16"]
[Round "5.2"]
[White "Caruana, Fabiano"]
[Black "Van Foreest, Jorden"]
[Result "1/2-1/2"]
[WhiteElo "2822"]
[BlackElo "2644"]
[Annotator "TA"]
[PlyCount "69"]
[EventDate "2020.01.11"]
[EventType "tourn"]
[EventCountry "NED"]
[SourceTitle "playchess.com"]
[Source "ChessBase"]
[SourceQuality "1"]

{[%evp 9,69,16,15,15,17,22,14,6,4,7,0,0,0,-11,0,-28,0,0,119,108,163,170,186,140,116,63,162,170,151,21,31,38,40,0,0,-4,0,0,0,0,0,-15,-4,-2,-14,-27,0,-100,-90,-118,-126,-131,-98,-113,-72,-83,-72,-78,-51,-56,-52,-54]} 1. c4 e5 2. g3 Nf6 3. Bg2 Bc5 4. Nc3 c6 5. Nf3 e4 6. Nh4 {A23: English Opening: 1...e5 2 Nc3 Nf6 3 g3 c6} d5 7. cxd5 (7. d4 Be7 8. cxd5 cxd5 9. O-O O-O 10. f3 exf3 11. Rxf3 Nc6 12. Nf5 Ne4 13. Rf1 {1-0 (22) Nepomniachtchi,I (2773)-Anand,V (2757) Kolkata 2019}) 7... cxd5 8. d3 {[%cal Rd3e4] The position is equal.} Ng4 9. O-O g5 10. dxe4 gxh4 11. Bf4 $146 ({Predecessor:} 11. exd5 hxg3 12. hxg3 {0-1 (38) Khismatullin,D (2617)-Paravyan,D (2528) St Petersburg 2016}) 11... hxg3 12. Bxg3 Bd6 13. Qd3 Bxg3 (13... Nc6 $11 {remains equal.}) 14. Qxg3 $16 Be6 (14... Nc6 $16) 15. exd5 $18 Bc8 16. Nb5 {[%mdl 1024] White has strong compensation.} Na6 17. Rac1 (17. Nd6+ $16 Kf8 18. Nxc8 Qxc8 19. Qd6+ (19. h3 Nh6 $14) 19... Kg7 20. Qg3) 17... Bd7 (17... Rg8 $14) 18. Nd6+ {[%mdl 64] [#] Double Attack} Kf8 19. Rc4 ({Not} 19. Nxb7 Qe7 $11) ({White has to play} 19. h3 $16) 19... Rg8 $1 $11 {[%cal Rg8g6] White must now prevent ...Rg6.} 20. Qa3 $1 Kg7 21. Rf4 ({Reject} 21. Nxb7 Qf6 $11) 21... Ne5 22. Qc3 Qg5 23. Rf3 {[#]} Kf8 $1 {[%csl Gg8][%cal Rg5g2]} 24. Rg3 Qe7 25. Nxb7 {And now Qa5 would win.} Rxg3 26. hxg3 {Strongly threatening Qa5.} Rc8 $36 {[%mdl 2048] Black has some pressure.} 27. Qe3 {Threatens to win with Qh6+.} Ng4 28. Qf4 (28. Qxa7 $11 Qf6 29. Bh3) 28... Qe5 $17 29. Bf3 Qxf4 30. gxf4 Rc2 31. Rb1 h5 32. b4 Rc4 33. b5 Nc5 34. Nxc5 Rxc5 35. a4 {Accuracy: White = 64%, Black = 73%.} 1/2-1/2

[Event "82nd Tata Steel Masters 2020"]
[Site "Wijk aan Zee"]
[Date "2020.01.16"]
[Round "5.3"]
[White "Anand, Viswanathan"]
[Black "Xiong, Jeffery"]
[Result "1-0"]
[WhiteElo "2758"]
[BlackElo "2712"]
[Annotator "TA"]
[PlyCount "85"]
[EventDate "2020.01.11"]
[EventType "tourn"]
[EventCountry "NED"]
[SourceTitle "playchess.com"]
[Source "ChessBase"]
[SourceQuality "1"]

{[%evp 14,85,16,-17,12,20,18,14,14,0,56,56,62,56,63,55,56,56,106,108,104,117,35,58,72,70,112,118,123,125,116,67,68,69,70,70,77,78,75,77,54,70,72,66,66,43,108,102,294,287,494,494,491,495,495,488,479,454,453,433,666,657,697,697,1383,1332,1368,1256,1273,1263,1158,1143,1060,970]} 1. e4 e6 2. d4 d5 3. Nc3 Bb4 4. e5 Ne7 5. a3 Bxc3+ 6. bxc3 c5 7. Qg4 Kf8 8. h4 h5 {C18: French: 3 Nc3 Bb4: Main line: 7 h4 and 7 Qg4} (8... Qc7 9. Qd1 b6 10. h5 h6 11. Nf3 Ba6 12. Bxa6 Nxa6 13. O-O Rc8 14. Qe2 Nb8 15. a4 cxd4 16. Ba3 {1-0 (36) Grischuk,A (2772)-Le,Q (2737) Huaian 2017}) 9. Qd1 b6 $146 ({Predecessor:} 9... Nbc6 10. Nf3 Qa5 11. Bd2 c4 12. Be2 Nf5 13. Kf1 Bd7 14. Ng5 g6 15. Qe1 Ke7 16. f3 {1-0 (40) Stylinski,P (1836)-Przerwa,W (1799) Koszalin 2016}) 10. Bg5 Qc7 {The position is equal.} 11. Rh3 cxd4 (11... Kg8 $11) 12. cxd4 $14 Nf5 13. c3 Ba6 14. Bxa6 Nxa6 15. Ne2 Nb8 16. Nf4 g6 17. g4 $1 {[%cal Rg4f5]} hxg4 18. Qxg4 {Hoping for h5.} Nd7 {[#]} 19. Rc1 $1 Rg8 20. h5 gxh5 21. Qxh5 Qc4 22. Ne2 Rc8 23. Rf3 Rc6 $1 24. Ng3 $1 {[%cal Rg3f5]} Ke8 $1 25. Nxf5 exf5 26. Rxf5 {[%csl Gf5][%cal Rh5f7]} Rcg6 27. Kd2 $1 $40 {[%mdl 128] White attacks.} Nf8 28. Be3 Ne6 $1 {[%cal Re6g7] Black wants to play ...Ng7.} 29. Qe2 Qa2+ (29... Qa4 $14) 30. Rc2 $16 Qb1 $2 {[#]} (30... Qc4 $16 {was necessary.}) 31. c4 $1 $18 {[%cal Rc4d5]} Rg4 $2 (31... Qh1 32. cxd5 Qxd5) 32. cxd5 {White is clearly winning.} Rxd4+ 33. Bxd4 Qxc2+ 34. Kxc2 Nxd4+ 35. Kd3 Nxe2 36. Kxe2 {[%mdl 4096] Endgame KR-KR} Rg4 (36... b5 $142 37. Ke3 Rg1) 37. f4 Rg3 38. Rg5 Rxa3 39. Rg8+ Kd7 40. Rf8 Ke7 41. Rb8 Kd7 42. Rb7+ Ke8 43. d6 {Accuracy: White = 89%, Black = 54%.} 1-0